00900nam a2200217 a 450000100100000000500170001000800410002702000150006804000250008310000410010824501180014926000280026730000230029549000290031850400730034750400320042071000610045283000470051395201050056099900170066500004323620250909091242.0140303s2006 sp ac 000 0 spa d a8484370101 aDO-SdBNPbspacBNPHU1 aMiguel de Bustos, Juan Carlos97083010aComunicación sostenible y desarrollo humano en la sociedad de la información /cJuan Carlos Miguel de Bustos. aMadrid :bAECID,c2006. a228 p. : ;c23 cm.1 aCultura y Desarrollov01 aIncluye referencias bibliográficas y notas al pie de las páginas aBibliografía : p. 221-2282 aAgencia Española de Cooperación Internacional934585 0aCultura y Desarrollo (España)v01970831 001050718MOaGRbGRcCTd2014-03-03iLF1l0o p43236-10r2020-06-25w2020-06-25y1ZNo se presta c42725d42725